MARC

LEADER 00000nam0a2200000 4500
001 245742
005 20231101232142.0
035 |a (RuTPU)RU\TPU\book\267167 
090 |a 245742 
100 |a 20131115d1965 k y0rusy50 ca 
101 0 |a rus 
102 |a RU 
105 |a a z 001zy 
200 1 |a Химия рутения  |f О. Е. Звягинцев [и др.]  |g Академия наук СССР (АН СССР), Институт общей и неорганической химии им. Н. С. Курнакова (ИОНХ) 
210 |a Москва  |c Наука  |d 1965 
215 |a 300 с.  |c ил. 
320 |a Библиогр. в конце гл. 
606 1 |a Рутений  |x Химия  |2 stltpush  |3 (RuTPU)RU\TPU\subj\26414  |9 50346 
610 1 |a открытие 
610 1 |a история 
610 1 |a геохимия 
610 1 |a атомный вес 
610 1 |a кристаллическая структура 
610 1 |a соединения 
610 1 |a электрохимия 
610 1 |a радиохимия 
675 |a 546.96  |v 3 
701 1 |a Звягинцев  |b О. Е. 
701 1 |a Колбин  |b Н. И. 
701 1 |a Рябов  |b А. Н. 
701 1 |a Автократова  |b Т. Д. 
701 1 |a А. А. 
712 0 2 |a Академия наук СССР (АН СССР)  |b Институт общей и неорганической химии им. Н. С. Курнакова (ИОНХ)  |c (Москва)  |2 stltpush  |3 (RuTPU)RU\TPU\col\11794 
801 1 |a RU  |b 63413507  |c 20131115 
801 2 |a RU  |b 63413507  |c 20131127  |g RCR 
942 |c BK